<?xml version="1.0" encoding="UTF-8"?>
<record
    xmlns:xsi="http://www.w3.org/2001/XMLSchema-instance"
    xsi:schemaLocation="http://www.loc.gov/MARC21/slim http://www.loc.gov/standards/marcxml/schema/MARC21slim.xsd"
    xmlns="http://www.loc.gov/MARC21/slim">

  <leader>00399nam a22001697a 4500</leader>
  <datafield tag="999" ind1=" " ind2=" ">
    <subfield code="c">11105</subfield>
    <subfield code="d">11105</subfield>
  </datafield>
  <controlfield tag="003">OSt</controlfield>
  <controlfield tag="008">220323b           ||||| |||| 00| 0 eng d</controlfield>
  <datafield tag="020" ind1=" " ind2=" ">
    <subfield code="a">9789387067844</subfield>
  </datafield>
  <datafield tag="082" ind1=" " ind2=" ">
    <subfield code="a">621.39732 RAD</subfield>
  </datafield>
  <datafield tag="100" ind1=" " ind2=" ">
    <subfield code="a">RAZAVI,Behzad</subfield>
  </datafield>
  <datafield tag="245" ind1=" " ind2=" ">
    <subfield code="a">Design of Analog CMOS Integrated Circuits</subfield>
  </datafield>
  <datafield tag="250" ind1=" " ind2=" ">
    <subfield code="a">2nd Ed</subfield>
  </datafield>
  <datafield tag="260" ind1=" " ind2=" ">
    <subfield code="a">New Delhi</subfield>
    <subfield code="b">TMH</subfield>
    <subfield code="c">2020</subfield>
  </datafield>
  <datafield tag="300" ind1=" " ind2=" ">
    <subfield code="a">782</subfield>
  </datafield>
  <datafield tag="650" ind1=" " ind2=" ">
    <subfield code="a">ECE</subfield>
  </datafield>
  <datafield tag="942" ind1=" " ind2=" ">
    <subfield code="2">ddc</subfield>
    <subfield code="c">BK</subfield>
    <subfield code="0">2</subfield>
  </datafield>
  <datafield tag="952" ind1=" " ind2=" ">
    <subfield code="0">0</subfield>
    <subfield code="1">0</subfield>
    <subfield code="2">ddc</subfield>
    <subfield code="4">0</subfield>
    <subfield code="7">0</subfield>
    <subfield code="8">BTECHECE</subfield>
    <subfield code="a">PIET</subfield>
    <subfield code="b">PIET</subfield>
    <subfield code="d">2022-03-19</subfield>
    <subfield code="e">Kirti Praskshan</subfield>
    <subfield code="f">IN Rupees</subfield>
    <subfield code="g">825.00</subfield>
    <subfield code="k">IN3696</subfield>
    <subfield code="l">2</subfield>
    <subfield code="o">621.39732 RAD</subfield>
    <subfield code="p">33479</subfield>
    <subfield code="r">2022-09-16 00:00:00</subfield>
    <subfield code="s">2022-08-30</subfield>
    <subfield code="v">561.00</subfield>
    <subfield code="w">2022-03-19</subfield>
    <subfield code="y">BK</subfield>
  </datafield>
  <datafield tag="952" ind1=" " ind2=" ">
    <subfield code="0">0</subfield>
    <subfield code="1">0</subfield>
    <subfield code="2">ddc</subfield>
    <subfield code="4">0</subfield>
    <subfield code="7">0</subfield>
    <subfield code="8">BTECHECE</subfield>
    <subfield code="a">PIET</subfield>
    <subfield code="b">PIET</subfield>
    <subfield code="d">2022-03-19</subfield>
    <subfield code="e">Kirti Praskshan</subfield>
    <subfield code="f">IN Rupees</subfield>
    <subfield code="g">825.00</subfield>
    <subfield code="k">IN3696</subfield>
    <subfield code="l">0</subfield>
    <subfield code="o">621.39732 RAD</subfield>
    <subfield code="p">33480</subfield>
    <subfield code="r">2022-03-23 00:00:00</subfield>
    <subfield code="v">561.00</subfield>
    <subfield code="w">2022-03-19</subfield>
    <subfield code="y">BK</subfield>
  </datafield>
  <datafield tag="952" ind1=" " ind2=" ">
    <subfield code="0">0</subfield>
    <subfield code="1">0</subfield>
    <subfield code="2">ddc</subfield>
    <subfield code="4">0</subfield>
    <subfield code="7">0</subfield>
    <subfield code="8">BTECHECE</subfield>
    <subfield code="a">PIET</subfield>
    <subfield code="b">PIET</subfield>
    <subfield code="d">2022-03-19</subfield>
    <subfield code="e">Kirti Praskshan</subfield>
    <subfield code="f">IN Rupees</subfield>
    <subfield code="g">825.00</subfield>
    <subfield code="k">IN3696</subfield>
    <subfield code="l">1</subfield>
    <subfield code="o">621.39732 RAD</subfield>
    <subfield code="p">33481</subfield>
    <subfield code="q">2026-12-01</subfield>
    <subfield code="r">2026-05-15 10:14:12</subfield>
    <subfield code="s">2026-05-15</subfield>
    <subfield code="v">561.00</subfield>
    <subfield code="w">2022-03-19</subfield>
    <subfield code="y">BK</subfield>
  </datafield>
  <datafield tag="952" ind1=" " ind2=" ">
    <subfield code="0">0</subfield>
    <subfield code="1">0</subfield>
    <subfield code="2">ddc</subfield>
    <subfield code="4">0</subfield>
    <subfield code="7">0</subfield>
    <subfield code="8">BTECHECE</subfield>
    <subfield code="a">PIET</subfield>
    <subfield code="b">PIET</subfield>
    <subfield code="d">2022-03-19</subfield>
    <subfield code="e">Kirti Praskshan</subfield>
    <subfield code="f">IN Rupees</subfield>
    <subfield code="g">825.00</subfield>
    <subfield code="k">IN3696</subfield>
    <subfield code="l">0</subfield>
    <subfield code="o">621.39732 RAD</subfield>
    <subfield code="p">33482</subfield>
    <subfield code="r">2022-03-23 00:00:00</subfield>
    <subfield code="v">561.00</subfield>
    <subfield code="w">2022-03-19</subfield>
    <subfield code="y">BK</subfield>
  </datafield>
  <datafield tag="952" ind1=" " ind2=" ">
    <subfield code="0">0</subfield>
    <subfield code="1">0</subfield>
    <subfield code="2">ddc</subfield>
    <subfield code="4">0</subfield>
    <subfield code="7">0</subfield>
    <subfield code="8">BTECHECE</subfield>
    <subfield code="a">PIET</subfield>
    <subfield code="b">PIET</subfield>
    <subfield code="d">2024-03-06</subfield>
    <subfield code="e">JBA Distributor</subfield>
    <subfield code="f">In rupees</subfield>
    <subfield code="g">970.00</subfield>
    <subfield code="k">INV2846</subfield>
    <subfield code="l">0</subfield>
    <subfield code="o">621.39732 RAD</subfield>
    <subfield code="p">35633</subfield>
    <subfield code="r">2024-03-28 00:00:00</subfield>
    <subfield code="v">776.00</subfield>
    <subfield code="w">2024-03-06</subfield>
    <subfield code="y">REF</subfield>
    <subfield code="z">Decentralisation</subfield>
  </datafield>
</record>
